Statistics for Subdivisions of Germany, Austria and Switzerland on a map

Click here to take the quiz!

General Stats

  • This quiz has been taken 2,031 times
    (1,556 since last reset)
  • The average score is 32 of 51

Answers on the Map

Answers color-coded by a green-red scale on the quiz's map according to % correct below.
 

Answer Stats

Bundesland / Kanton% Correct
Berlin
98%
Bavaria
96%
Vienna
96%
Hamburg
92%
Bern
91%
Saxony
89%
Zürich
89%
Bremen
85%
Geneva
85%
Baden-Württemberg
84%
Brandenburg
83%
Tyrol
83%
Saarland
82%
North Rhine-Westphalia
80%
Schleswig-Holstein
79%
Lower Saxony
78%
Rhineland-Palatinate
77%
Mecklenburg-Vorpommern
76%
Salzburg
76%
Hesse
75%
Saxony-Anhalt
73%
Thuringia
72%
Lower Austria
70%
Upper Austria
69%
Styria
58%
Carinthia
56%
Burgenland
55%
Luzern
55%
Vorarlberg
52%
St. Gallen
51%
Ticino
51%
Valais
48%
Grisons
47%
Uri
47%
Neuchatel
46%
Vaud
46%
Basel-Stadt
45%
Jura
45%
Zug
45%
Fribourg
44%
Schwyz
44%
Aargau
42%
Schaffhausen
41%
Appenzell-Innerrhoden
37%
Nidwalden
37%
Obwalden
37%
Thurgau
37%
Appenzell-Ausserrhoden
36%
Basel-Landschaft
36%
Solothurn
36%
Glarus
33%

Score Distribution

Percentile by Number Answered

Percent of People with Each Score

Your Score History

You have not taken this quiz since the last reset